| 000 | 00588nam a2200205Ia 4500 | ||
|---|---|---|---|
| 008 | 150520s9999 xx 000 0 und d | ||
| 050 | _aP 92.P6 | ||
| 050 | _b.L334 2015 | ||
| 100 | _aLacerna, Rhenesa M. | ||
| 245 | _aMedia representation of gays in Philippine mainstream films from 2010-2013 / | ||
| 245 | _cRhenesa M. Lacerna. | ||
| 260 | _aLas PiƱas, Philippines : | ||
| 260 | _bSISC, | ||
| 260 | _c2015. | ||
| 300 | _a58 pages : | ||
| 300 | _c28 cm. | ||
| 500 | _aIncludes bibliographical references and appendices. | ||
| 650 | _aMass Media | ||
| 650 | _xPhilippines | ||
| 999 |
_c284040 _d284040 |
||